| 000 | 004880000a22001930004500 | ||
|---|---|---|---|
| 001 | 002633 | ||
| 003 | MACL | ||
| 005 | 20150812164627.0 | ||
| 008 | 150812b xxu||||| |||| 00| 0 eng d | ||
| 040 |
_aMACL _cMACL |
||
| 041 | _aEnglish | ||
| 082 | _a370/JOS | ||
| 100 |
_aJoshi, Kireet _95128 |
||
| 245 |
_aThe Siege of Troy _cKireet Joshi |
||
| 260 |
_aNew Delhi _c2004 _bIndian Council of Philosophical Research, |
||
| 350 | _a150 | ||
| 650 |
_aEducation _95129 |
||
| 942 |
_k370 _cBK _2ddc |
||
| 999 |
_c14542 _d14542 |
||